[Event "FRA-chT3 0708"]
[Site "France"]
[Date "2008.01.20"]
[Round "5.5"]
[White "Renard, Stephane"]
[Black "Norek, Arnaud"]
[Result "1/2-1/2"]
[WhiteElo "1971"]
[BlackElo "2025"]
[PlyCount "87"]
[EventDate "2008.01.20"]
[EventType "team-tourn"]
[EventRounds "9"]
[EventCountry "FRA"]
[SourceTitle "EXT 2019"]
[Source "ChessBase"]
[SourceDate "2018.10.10"]
[SourceVersion "1"]
[SourceVersionDate "2018.10.10"]
[SourceQuality "1"]

1. f4 f5 2. Nf3 Nf6 3. e3 Nc6 4. b3 b6 5. Bb2 Bb7 6. Be2 e6 7. 0-0 Be7 8. c4 0-0 9. h3 Ne4 10. Kh2 Bf6 11. d4 Qe8 12. Nc3 Qg6 13. Nxe4 fxe4 14. Ne5 Nxe5 15. dxe5 Bh4 16. g4 h6 17. Ba3 Rfd8 18. Qc2 d6 19. exd6 cxd6 20. Rad1 d5 21. cxd5 Rac8 22. Qb1 exd5 23. Bb2 Bf6 24. Rd2 Rc5 25. b4 Rcc8 26. Rc1 Rxc1 27. Qxc1 Rc8 28. Rc2 Bxb2 29. Rxc8+ Bxc8 30. Qxc8+ Kh7 31. Bb5 Qd6 32. Be8 Bf6 33. Bf7 Bd8 34. Qf5+ Kh8 35. Qxd5 Qe7 36. Qe6 Qxe6 37. Bxe6 Be7 38. a3 a5 39. bxa5 bxa5 40. a4 Bc5 41. Kg3 Bxe3 42. Bd5 Bd2 43. Bxe4 Kg8 44. f5 1/2-1/2

[Event "FRA-chT3 North 0304"]
[Site "France"]
[Date "2004.03.14"]
[Round "7.7"]
[White "Kimmerlin, Gilles"]
[Black "Norek, Arnaud"]
[Result "0-1"]
[WhiteElo "1960"]
[BlackElo "1954"]
[PlyCount "108"]
[EventDate "2003.11.??"]
[EventType "team-tourn"]
[EventRounds "9"]
[EventCountry "FRA"]
[SourceTitle "EXT 2006"]
[Source "ChessBase"]
[SourceDate "2005.11.24"]
[SourceVersion "1"]
[SourceVersionDate "2005.11.24"]
[SourceQuality "1"]
[WhiteTeam "Chauny St Quentin"]
[BlackTeam "Baisieux"]
[WhiteTeamCountry "FRA"]
[BlackTeamCountry "FRA"]

1. e4 c5 2. f4 e6 3. Nf3 Nc6 4. Nc3 a6 5. Be2 Qc7 6. d3 Nge7 7. 0-0 g6 8. Be3 d6 9. Rb1 Bg7 10. a3 0-0 11. Qe1 Nd4 12. Bd1 f5 13. Ng5 h6 14. Nf3 b5 15. Ne2 Nxe2+ 16. Qxe2 Bb7 17. Bd2 Rae8 18. e5 Nc6 19. Bc3 b4 20. axb4 cxb4 21. exd6 Qxd6 22. Bxg7 Kxg7 23. Ne5 Nxe5 24. Qxe5+ Qxe5 25. fxe5 Rd8 26. Bf3 Bxf3 27. Rxf3 Rd5 28. Re3 Rc8 29. Re2 Rcc5 30. Rbe1 a5 31. b3 Rc3 32. Rd2 Rdc5 33. Ree2 a4 34. bxa4 Ra3 35. d4 Rd5 36. Kf2 Rxa4 37. Ke3 Ra3+ 38. Rd3 Rda5 39. Red2 Kf7 40. Rb3 Ke7 41. Kd3 Kd7 42. Kc4 Kc6 43. Kxb4 R3a4+ 44. Kc3 Kd5 45. Rb4 Ra3+ 46. Kb2 Ra2+ 47. Kc1 Ra1+ 48. Rb1 R1a3 49. Kd1 Re3 50. c4+ Kxc4 51. Rb6 Ra1+ 52. Kc2 Ra2+ 53. Kc1 Re1+ 54. Rd1 Ra1+ 0-1

[Event "FRA-chT3 North 0304"]
[Site "France"]
[Date "2003.10.12"]
[Round "1.8"]
[White "Silvert, Thierry"]
[Black "Norek, Arnaud"]
[Result "0-1"]
[WhiteElo "1630"]
[BlackElo "1954"]
[PlyCount "62"]
[EventDate "2003.11.??"]
[EventType "team-tourn"]
[EventRounds "9"]
[EventCountry "FRA"]
[SourceTitle "EXT 2006"]
[Source "ChessBase"]
[SourceDate "2005.11.24"]
[SourceVersion "1"]
[SourceVersionDate "2005.11.24"]
[SourceQuality "1"]
[WhiteTeam "Noyon II"]
[BlackTeam "Baisieux"]
[WhiteTeamCountry "FRA"]
[BlackTeamCountry "FRA"]

1. c4 f5 2. Nc3 Nf6 3. g3 e6 4. Bg2 d5 5. cxd5 exd5 6. d4 c6 7. e3 Bd6 8. Nge2 0-0 9. Qb3 Nbd7 10. Bd2 Nb6 11. Rc1 Nc4 12. Qc2 Ne4 13. Nxe4 fxe4 14. a3 Qf6 15. Rf1 Bg4 16. Bb4 Rae8 17. Bxd6 Nxd6 18. Nf4 g5 19. h3 Bf3 20. Bxf3 exf3 21. Nh5 Qxd4 22. Qc3 Qxc3+ 23. Rxc3 Nc4 24. b4 b5 25. Kd1 a5 26. bxa5 Ra8 27. Kc2 Rxa5 28. Ra1 b4 29. Rb3 Rxa3 30. Raxa3 bxa3 31. Rb7 Nxe3+ 0-1

[Event "FRA-chT3 Gr8 0203"]
[Site "France"]
[Date "2003.01.19"]
[Round "5"]
[White "Gosset, Arnaud"]
[Black "Norek, Arnaud"]
[Result "1/2-1/2"]
[WhiteElo "2140"]
[BlackElo "1954"]
[PlyCount "60"]
[EventDate "2002.10.??"]
[EventType "team-tourn"]
[EventRounds "9"]
[EventCountry "FRA"]
[SourceTitle "EXT 2005"]
[Source "ChessBase"]
[SourceDate "2004.11.15"]
[SourceVersion "1"]
[SourceVersionDate "2004.11.15"]
[SourceQuality "1"]

1. Nf3 f5 2. d4 Nf6 3. c4 e6 4. Nc3 d5 5. Bf4 c6 6. e3 Bd6 7. Ne5 0-0 8. Bd3 Bc7 9. 0-0 Nbd7 10. Nxd7 Bxd7 11. Qb3 b6 12. Rac1 Rc8 13. Qa3 Re8 14. Bxc7 Rxc7 15. Qd6 Bc8 16. Qxd8 Rxd8 17. b4 Ba6 18. Ne2 Ne4 19. Nf4 Kf7 20. cxd5 Bxd3 21. dxe6+ Ke7 22. Nxd3 Kxe6 23. Rfd1 Rdc8 24. Rc2 Nf6 25. f3 Nd5 26. Kf2 Re8 27. Rdc1 Kd6 28. Re1 Rce7 29. Rce2 Nc3 30. Rd2 Nd5 1/2-1/2

[Event "FRA-chT3 Gr8 0102"]
[Site "France"]
[Date "2001.12.09"]
[Round "4"]
[White "Norek, Arnaud"]
[Black "Derache, Jerome"]
[Result "0-1"]
[WhiteElo "1890"]
[BlackElo "2020"]
[PlyCount "57"]
[EventDate "2001.10.??"]
[EventType "team-tourn"]
[EventRounds "9"]
[EventCountry "FRA"]
[SourceTitle "EXT 2005"]
[Source "ChessBase"]
[SourceDate "2004.11.15"]
[SourceVersion "1"]
[SourceVersionDate "2004.11.15"]
[SourceQuality "1"]

1. Nf3 Nf6 2. g3 g6 3. b3 Bg7 4. Bb2 0-0 5. c4 d6 6. Bg2 e5 7. d3 Nc6 8. Nbd2 Nh5 9. e4 f5 10. exf5 Bxf5 11. Ne4 Qd7 12. Qd2 Rae8 13. 0-0-0 Bg4 14. Qe3 Nd4 15. Nxd4 Bxd1 16. Rxd1 exd4 17. Bxd4 c6 18. Bxg7 Qxg7 19. Qg5 Qa1+ 20. Kc2 Qxa2+ 21. Kc3 Re5 22. Qg4 d5 23. cxd5 cxd5 24. Nd2 Nf6 25. Qd4 Rc8+ 26. Kb4 b6 27. Qa1 Qc2 28. Ka3 Rc5 29. Kb4 0-1

[Event "Le Touquet op 16th"]
[Site "Le Touquet"]
[Date "2001.10.29"]
[Round "4"]
[White "Hautot, Stephane"]
[Black "Norek, Arnaud"]
[Result "1/2-1/2"]
[WhiteElo "2247"]
[BlackElo "1890"]
[PlyCount "84"]
[EventDate "2001.10.27"]
[EventType "swiss"]
[EventRounds "9"]
[EventCountry "FRA"]
[SourceTitle "EXT 2002"]
[Source "ChessBase"]
[SourceDate "2001.11.25"]
[SourceVersion "1"]
[SourceVersionDate "2001.11.25"]
[SourceQuality "1"]

1. e4 c5 2. Nf3 e6 3. d4 cxd4 4. Nxd4 a6 5. c4 Nf6 6. Bd3 Nc6 7. Nxc6 dxc6 8. 0-0 e5 9. Nc3 Bc5 10. Bg5 0-0 11. h3 Qd6 12. Qe2 Ne8 13. Rad1 Qg6 14. h4 h6 15. Be3 Bh3 16. Qf3 Bg4 17. Qg3 Bxe3 18. Qxe3 Bxd1 19. Rxd1 Rd8 20. Qb6 Rd7 21. Be2 Rxd1+ 22. Bxd1 Nd6 23. c5 Nb5 24. Nxb5 axb5 25. Bf3 f5 26. Qa5 fxe4 27. Bd1 Qf6 28. Qe1 Qxh4 29. g3 Qd8 30. Bb3+ Kh8 31. Bc2 Qd4 32. Bxe4 Qxc5 33. Qe2 Qd4 34. Kg2 Qc4 35. Qg4 Qf7 36. f3 g5 37. b3 c5 38. Bd3 b6 39. Qe4 b4 40. Qxe5+ Qf6 41. Qe4 Rf7 42. Bc4 Rf8 1/2-1/2

[Event "Le Touquet op 16th"]
[Site "Le Touquet"]
[Date "2001.10.29"]
[Round "5"]
[White "Norek, Arnaud"]
[Black "Bernard, Jacques"]
[Result "1-0"]
[WhiteElo "1890"]
[BlackElo "2220"]
[PlyCount "40"]
[EventDate "2001.10.27"]
[EventType "swiss"]
[EventRounds "9"]
[EventCountry "FRA"]
[SourceTitle "EXT 2002"]
[Source "ChessBase"]
[SourceDate "2001.11.25"]
[SourceVersion "1"]
[SourceVersionDate "2001.11.25"]
[SourceQuality "1"]

1. Nf3 Nf6 2. g3 g6 3. Bg2 Bg7 4. 0-0 0-0 5. c4 d5 6. cxd5 Nxd5 7. Nc3 Nb6 8. d4 Nc6 9. Bf4 Nxd4 10. Nxd4 Bxd4 11. Nb5 e5 12. Nxd4 exf4 13. gxf4 c6 14. e3 Nd5 15. Rc1 Re8 16. Qb3 Nxf4 17. Nxc6 Ne2+ 18. Kh1 Nxc1 19. Rxc1 bxc6 20. Bxc6 Be6 1-0